[Event "3. Campeonato de la Unión Europea"]
[Site "Arvier ITA"]
[Date "2007.06.24"]
[Round "10.15"]
[White "Makka, Ioulia"]
[Black "Friedrich, Norbert"]
[Result "1/2-1/2"]
[WhiteElo "2185"]
[BlackElo "2317"]
[PlyCount "146"]
[EventDate "2007.06.15"]
[EventType "swiss"]
[EventRounds "10"]
[EventCountry "ITA"]
[Source "lmi"]
[SourceDate "2007.06.15"]

1. e4 c5 2. Nf3 e6 3. d4 cxd4 4. Nxd4 a6 5. Bd3 Nf6 6. O-O d6 7. c4 b6 8. Nc3
Bb7 9. Qe2 Nbd7 10. h3 Be7 11. Nf3 O-O 12. Rd1 Qc7 13. Bf4 Rac8 14. Rac1 Ne5
15. b3 Rfd8 16. Bb1 Nfd7 17. Nd4 Qb8 18. Qe3 Ba8 19. Bh2 Nf6 20. Kh1 Nc6 21.
Nde2 Qb7 22. Na4 Rb8 23. Nec3 b5 24. cxb5 axb5 25. Nb2 Rbc8 26. f3 h6 27. Bd3
b4 28. Nca4 d5 29. exd5 Nxd5 30. Qe2 Qa7 31. Bg1 Qb8 32. Ba6 Bb7 33. Bxb7 Qxb7
34. Nc4 Qb5 35. Qe4 Qa6 36. Ncb6 Nxb6 37. Bxb6 Rxd1+ 38. Rxd1 Bf6 39. Bc5 Ne7
40. Bxb4 Nd5 41. Be1 Qf1+ 42. Kh2 Bg5 43. Qd3 Bf4+ 44. Bg3 Qxd3 45. Rxd3 Rc2
46. a3 g5 47. b4 Bxg3+ 48. Kxg3 Nf4 49. Rd8+ Kg7 50. Kh2 Rxg2+ 51. Kh1 Ra2 52.
b5 Rxa3 53. b6 Rxa4 54. b7 Rb4 55. b8=Q Rxb8 56. Rxb8 Nxh3 57. Kh2 Nf4 58. Kg3
Kg6 59. Rg8+ Kf5 60. Ra8 h5 61. Ra5+ e5 62. Ra6 f6 63. Rd6 Ne2+ 64. Kf2 Nf4 65.
Ra6 g4 66. Ra8 Nh3+ 67. Kg3 Ng5 68. fxg4+ hxg4 69. Rg8 e4 70. Ra8 Nf3 71. Ra5+
Ne5 72. Ra4 e3 73. Rf4+ Kg5 1/2-1/2

[Event "3. Campeonato de la Unión Europea"]
[Site "Arvier ITA"]
[Date "2007.06.24"]
[Round "10.16"]
[White "Cocchi, Andrea"]
[Black "Raineri, Valerio"]
[Result "1/2-1/2"]
[WhiteElo "2321"]
[BlackElo "2123"]
[PlyCount "54"]
[EventDate "2007.06.15"]
[EventType "swiss"]
[EventRounds "10"]
[EventCountry "ITA"]
[Source "lmi"]
[SourceDate "2007.06.15"]

1. Nf3 Nf6 2. c4 g6 3. Nc3 Bg7 4. g3 d6 5. Bg2 O-O 6. d3 e5 7. Rb1 Ne8 8. b4 c6
9. e4 h6 10. O-O Be6 11. Be3 Nd7 12. Qd2 Kh7 13. c5 Qe7 14. cxd6 Nxd6 15. Rfc1
Rfd8 16. Na4 Nf8 17. Qb2 Bg4 18. Nc5 Bxf3 19. Bxf3 Nb5 20. Rc4 f5 21. a4 f4 22.
axb5 cxb5 23. Rc3 fxe3 24. fxe3 a6 25. Qa3 Ne6 26. Rbc1 Nxc5 27. Rxc5 h5
1/2-1/2

[Event "3. Campeonato de la Unión Europea"]
[Site "Arvier ITA"]
[Date "2007.06.24"]
[Round "10.18"]
[White "Almond, Richard"]
[Black "Foisor, Sabina Francesca"]
[Result "0-1"]
[WhiteElo "2088"]
[BlackElo "2333"]
[PlyCount "128"]
[EventDate "2007.06.15"]
[EventType "swiss"]
[EventRounds "10"]
[EventCountry "ITA"]
[Source "lmi"]
[SourceDate "2007.06.15"]

1. d4 g6 2. c4 Bg7 3. Nc3 c5 4. d5 d6 5. e4 Nf6 6. Be2 O-O 7. Nf3 e6 8. O-O Na6
9. h3 Re8 10. Qc2 Rb8 11. a4 Nb4 12. Qd1 exd5 13. exd5 Bf5 14. Bf4 Ne4 15. Ra3
Qe7 16. Nxe4 Bxe4 17. Bg5 Qd7 18. Qd2 Nc2 19. Ra2 f6 20. Bf4 g5 21. Bg3 Re7 22.
Rc1 Nb4 23. Ra3 Rbe8 24. Bd1 h6 25. Nh2 Bg6 26. h4 Re4 27. hxg5 fxg5 28. Re3
Rxe3 29. fxe3 Rxe3 30. Bf2 Re8 31. b3 Rf8 32. Be3 Qe8 33. Bg4 Bf5 34. Rf1 Bxg4
35. Nxg4 Rxf1+ 36. Kxf1 Qe4 37. Nf2 Qb1+ 38. Qd1 Qxd1+ 39. Nxd1 Kf7 40. Ke2 Kg6
41. Nf2 Nc2 42. Ne4 Be5 43. g4 Nb4 44. Bd2 Na6 45. a5 Kf7 46. Nf2 Bd4 47. Ne4
Be5 48. Nf2 Ke7 49. Nd3 Bd4 50. Kf3 Kf6 51. Ke4 Nb8 52. b4 Nd7 53. b5 Kg6 54.
Kf3 h5 55. gxh5+ Kxh5 56. Kg3 Kg6 57. Kg4 Nf6+ 58. Kf3 Kf5 59. Be1 g4+ 60. Ke2
Ne4 61. Nc1 Be5 62. Nd3 Bh2 63. Ke3 Ng5 64. Nc1 Bf4+ 0-1

[Event "3. Campeonato de la Unión Europea"]
[Site "Arvier ITA"]
[Date "2007.06.24"]
[Round "10.19"]
[White "Agrest, Inna"]
[Black "Brancaleoni, Maurizio"]
[Result "1/2-1/2"]
[WhiteElo "2069"]
[BlackElo "2263"]
[PlyCount "99"]
[EventDate "2007.06.15"]
[EventType "swiss"]
[EventRounds "10"]
[EventCountry "ITA"]
[Source "lmi"]
[SourceDate "2007.06.15"]

1. e4 e5 2. Nf3 Nc6 3. d4 exd4 4. Bc4 Nf6 5. e5 d5 6. Bb5 Ne4 7. Nxd4 Bd7 8.
Bxc6 bxc6 9. O-O Bc5 10. f3 Ng5 11. f4 Ne4 12. c3 O-O 13. Be3 f6 14. Nd2 Nxd2
15. Qxd2 fxe5 16. fxe5 Qe7 17. Nb3 Bb6 18. Rxf8+ Rxf8 19. Re1 Bf5 20. Nd4 Be4
21. Bf4 c5 22. Ne2 c4+ 23. Nd4 Rf5 24. Bg3 h5 25. h4 g5 26. hxg5 Qxg5 27. Qxg5+
Rxg5 28. Kh2 Bxd4 29. cxd4 Rg4 30. Re2 h4 31. Be1 Bd3 32. Re3 Rxd4 33. e6 Re4
34. Rxe4 dxe4 35. Bxh4 e3 36. Kg3 Bf1 37. Kf3 e2 38. Kf2 Kf8 39. g3 Ke8 40. e7
Kf7 41. Bf6 Ke8 42. g4 Bh3 43. g5 Be6 44. g6 c3 45. bxc3 Bxa2 46. Kxe2 a5 47.
Ke3 c5 48. Kd2 a4 49. Kc2 a3 50. Kc1 1/2-1/2

[Event "3. Campeonato de la Unión Europea"]
[Site "Arvier ITA"]
[Date "2007.06.24"]
[Round "10.20"]
[White "Campbell, Ian"]
[Black "Tocchioni, Doriano"]
[Result "0-1"]
[WhiteElo "1996"]
[BlackElo "2247"]
[PlyCount "60"]
[EventDate "2007.06.15"]
[EventType "swiss"]
[EventRounds "10"]
[EventCountry "ITA"]
[Source "lmi"]
[SourceDate "2007.06.15"]

1. d4 Nf6 2. Nf3 e6 3. e3 b6 4. Bd3 Bb7 5. b3 Ne4 6. Bb2 f5 7. O-O d6 8. c4 Nd7
9. Nc3 Ndf6 10. Qc2 Be7 11. Nd2 d5 12. cxd5 exd5 13. Bb5+ Kf7 14. f3 Nxd2 15.
Qxd2 a6 16. Bd3 g6 17. Rac1 Re8 18. Kh1 Bd6 19. Rce1 Kg8 20. Qf2 b5 21. a4 b4
22. Ne2 Qe7 23. Nf4 Qg7 24. Bb1 a5 25. Rg1 Qh6 26. g3 Re7 27. Nd3 Nd7 28. f4
Nf6 29. Ne5 Bxe5 30. dxe5 d4+ 0-1

[Event "3. Campeonato de la Unión Europea"]
[Site "Arvier ITA"]
[Date "2007.06.24"]
[Round "10.22"]
[White "Bashkite, Viktoria"]
[Black "Tate, Alan"]
[Result "1/2-1/2"]
[WhiteElo "2202"]
[BlackElo "2058"]
[PlyCount "46"]
[EventDate "2007.06.15"]
[EventType "swiss"]
[EventRounds "10"]
[EventCountry "ITA"]
[Source "lmi"]
[SourceDate "2007.06.15"]

1. c4 c5 2. Nc3 Nc6 3. Nf3 e5 4. d3 Nge7 5. Nd5 d6 6. g3 Nxd5 7. cxd5 Ne7 8.
Qb3 Qb6 9. Qc4 Bd7 10. a4 Nf5 11. Bh3 Be7 12. O-O O-O 13. Kg2 Rad8 14. e3 Qc7
15. b4 Qc8 16. Ng1 b6 17. Bb2 Rfe8 18. b5 e4 19. dxe4 Nh4+ 20. gxh4 Bxh3+ 21.
Nxh3 Qg4+ 22. Kh1 Qf3+ 23. Kg1 Qg4+ 1/2-1/2

[Event "3. Campeonato de la Unión Europea"]
[Site "Arvier ITA"]
[Date "2007.06.24"]
[Round "10.23"]
[White "Brunello, Marina"]
[Black "Ocantos, Manuel"]
[Result "1-0"]
[WhiteElo "1924"]
[BlackElo "2178"]
[PlyCount "130"]
[EventDate "2007.06.15"]
[EventType "swiss"]
[EventRounds "10"]
[EventCountry "ITA"]
[Source "lmi"]
[SourceDate "2007.06.15"]

1. e4 e5 2. Nf3 Nc6 3. d4 exd4 4. Nxd4 Nf6 5. Nc3 Bb4 6. Nxc6 bxc6 7. Bd3 d5 8.
exd5 cxd5 9. O-O O-O 10. Bg5 c6 11. Na4 Be7 12. c4 Bg4 13. f3 Be6 14. cxd5 cxd5
15. Kh1 Rb8 16. b3 h6 17. Be3 Qa5 18. Qe2 Rfe8 19. Qf2 Ra8 20. Rac1 Bd7 21. Nc5
Bb5 22. b4 Qb6 23. Ne6 Qxe6 24. Bxb5 Rec8 25. Bc5 Bf8 26. Bxf8 Kxf8 27. Rc5 a5
28. Re1 Qf5 29. bxa5 Ne4 30. Rxe4 dxe4 31. Rxf5 Rc1+ 32. Bf1 e3 33. Qe2 Rd8 34.
h3 Rd2 35. Qxe3 Rxf1+ 36. Kh2 Rff2 37. Re5 Rxg2+ 38. Kh1 Kg8 39. a6 Rh2+ 40.
Kg1 Rhg2+ 41. Kf1 Rxa2 42. a7 Rh2 43. Re8+ Kh7 44. Qe4+ g6 45. Rh8+ Kxh8 46.
a8=Q+ Rxa8 47. Qxa8+ Kg7 48. Qa1+ Kg8 49. Qc3 Rh1+ 50. Ke2 Rb1 51. Ke3 Rb5 52.
Ke4 Rf5 53. Qc8+ Kg7 54. Qxf5 gxf5+ 55. Kxf5 f6 56. h4 Kf7 57. h5 Kg7 58. Ke6
f5 59. Kxf5 Kf7 60. f4 Kg7 61. Ke6 Kh8 62. f5 Kg7 63. Ke7 Kh8 64. f6 Kg8 65.
f7+ Kh7 1-0

[Event "3. Campeonato de la Unión Europea"]
[Site "Arvier ITA"]
[Date "2007.06.24"]
[Round "10.24"]
[White "Innocenti, Luca"]
[Black "Pace, Colin"]
[Result "0-1"]
[WhiteElo "1894"]
[BlackElo "2146"]
[PlyCount "62"]
[EventDate "2007.06.15"]
[EventType "swiss"]
[EventRounds "10"]
[EventCountry "ITA"]
[Source "lmi"]
[SourceDate "2007.06.15"]

1. c4 e6 2. Nf3 d5 3. b3 Nf6 4. g3 Be7 5. Bg2 O-O 6. O-O c5 7. d3 Nc6 8. Nbd2
h6 9. a3 d4 10. Qc2 e5 11. e3 dxe3 12. fxe3 Bg4 13. Bb2 Qd6 14. Rad1 Rad8 15.
Nb1 Rd7 16. e4 Qe6 17. Rd2 Nh7 18. Qc3 Nd4 19. Nxd4 exd4 20. Qa5 b6 21. Qa4 Bg5
22. Rc2 Be3+ 23. Kh1 Ng5 24. b4 Qg6 25. Bc1 Qh5 26. Bxe3 dxe3 27. Nc3 Rxd3 28.
Re1 Nf3 29. Bxf3 Bxf3+ 30. Kg1 Rd2 31. Rxe3 Qxh2+ 0-1

[Event "3. Campeonato de la Unión Europea"]
[Site "Arvier ITA"]
[Date "2007.06.24"]
[Round "10.25"]
[White "Pantaleoni, Claudio"]
[Black "Cavatorta, Fosco"]
[Result "1-0"]
[WhiteElo "2219"]
[BlackElo "1921"]
[PlyCount "77"]
[EventDate "2007.06.15"]
[EventType "swiss"]
[EventRounds "10"]
[EventCountry "ITA"]
[Source "lmi"]
[SourceDate "2007.06.15"]

1. g3 e5 2. Bg2 Bc5 3. c4 f5 4. Nc3 a5 5. e3 Nf6 6. Nge2 d6 7. d4 Bb6 8. dxe5
dxe5 9. Qxd8+ Kxd8 10. b3 c6 11. Ba3 Be6 12. Na4 Ba7 13. Nc5 Bxc5 14. Bxc5 Nbd7
15. Ba3 a4 16. O-O Ke8 17. Nc3 axb3 18. axb3 Kf7 19. Rfd1 Ra6 20. Bb2 Rha8 21.
Rxa6 Rxa6 22. Bf1 Nc5 23. b4 Na4 24. b5 Ra7 25. Nxa4 Rxa4 26. Bxe5 Bxc4 27.
Bxf6 Kxf6 28. bxc6 bxc6 29. Rd6+ Be6 30. Rxc6 Ra1 31. f4 Ke7 32. Rc2 Bb3 33.
Rc3 Ba4 34. Rc5 Bd1 35. Kf2 Ra2+ 36. Ke1 Bc2 37. Rc7+ Kf6 38. Bc4 Be4 39. Bxa2
1-0

[Event "3. Campeonato de la Unión Europea"]
[Site "Arvier ITA"]
[Date "2007.06.24"]
[Round "10.26"]
[White "Norinkeviciute, Rasa"]
[Black "Cazzaniga, Walter"]
[Result "1-0"]
[WhiteElo "2048"]
[BlackElo "2174"]
[PlyCount "155"]
[EventDate "2007.06.15"]
[EventType "swiss"]
[EventRounds "10"]
[EventCountry "ITA"]
[Source "lmi"]
[SourceDate "2007.06.15"]

1. c4 Nf6 2. g3 g6 3. Bg2 Bg7 4. e4 d6 5. Nc3 c5 6. Nge2 Nc6 7. O-O O-O 8. h3
Ne8 9. d3 Rb8 10. f4 e6 11. Be3 Nd4 12. Rb1 Bd7 13. b4 b6 14. a4 Nc7 15. Bxd4
cxd4 16. Nb5 Bxb5 17. axb5 a6 18. bxa6 Nxa6 19. Qa4 Nc7 20. b5 e5 21. f5 Qg5
22. Qc2 Ra8 23. h4 Qe3+ 24. Kh2 f6 25. Ng1 Ra3 26. Rf3 Qh6 27. Rb3 Ra1 28. Rb1
Rfa8 29. Rff1 R1a3 30. Rb3 g5 31. Nf3 g4 32. Nd2 Ra2 33. Rb2 Rxb2 34. Qxb2 Qe3
35. Qb4 Ne8 36. Qb3 Kh8 37. Nb1 Bf8 38. c5 dxc5 39. Qf7 Bg7 40. Qb7 Rd8 41.
Qxb6 Rc8 42. Qe6 Rb8 43. Rd1 Qe2 44. Rd2 Qe1 45. Rb2 Bh6 46. Qf7 Ng7 47. Bh1
Be3 48. Rg2 Qxb1 49. Qxf6 Qxb5 50. Qxe5 Re8 51. Qd6 Qb8 52. Qxc5 Nh5 53. Qd5
Nxg3 54. Rxg3 Bf2 55. e5 Bxg3+ 56. Kxg3 Rxe5 57. Qxd4 Kg8 58. Kxg4 Qc7 59. Bd5+
Kf8 60. Be4 Qg7+ 61. Kh3 Qe7 62. Qa4 h5 63. Qa8+ Kg7 64. Qa1 Qf6 65. Qg1+ Kf8
66. Qg5 Qb6 67. Qxh5 Qe3+ 68. Kg4 Qg1+ 69. Kf4 Qh2+ 70. Kg5 Ke7 71. Qh7+ Kd6
72. Qg6+ Kc5 73. Qc6+ Kd4 74. Qb6+ Kc3 75. Qe3 Re8 76. Qc5+ Kd2 77. Qa5+ Ke3
78. Qb6+ 1-0

[Event "3. Campeonato de la Unión Europea"]
[Site "Arvier ITA"]
[Date "2007.06.24"]
[Round "10.27"]
[White "Marguerettaz, Davy"]
[Black "Agrest, Roman"]
[Result "0-1"]
[WhiteElo "2005"]
[BlackElo "2161"]
[PlyCount "96"]
[EventDate "2007.06.15"]
[EventType "swiss"]
[EventRounds "10"]
[EventCountry "ITA"]
[Source "lmi"]
[SourceDate "2007.06.15"]

1. d4 Nf6 2. c4 e6 3. Nc3 Bb4 4. e3 O-O 5. Nge2 d5 6. Qb3 Be7 7. g3 Nc6 8. cxd5
exd5 9. Bg2 Na5 10. Qa4 c6 11. Nf4 Bf5 12. O-O Nc4 13. f3 b5 14. Qd1 b4 15. Na4
Re8 16. Re1 Bd6 17. b3 Nb6 18. g4 Nxa4 19. bxa4 Bc8 20. Nd3 a5 21. Bb2 h6 22.
Rc1 Bd7 23. h3 Nh7 24. e4 Bg3 25. Re2 dxe4 26. fxe4 h5 27. gxh5 Qh4 28. Nf2 Ng5
29. Qf1 Qxh5 30. Rc5 Re6 31. Bc1 Rg6 32. Bxg5 Rxg5 33. Rxg5 Qxg5 34. Kh1 Rc8
35. Nd3 Re8 36. Nc5 Bc8 37. Rc2 Qe3 38. Nb3 Re6 39. Nxa5 Bd7 40. Nb3 Rh6 41.
Re2 Qg5 42. a5 c5 43. dxc5 Bb5 44. Qc1 Bf4 45. Qc2 Bxe2 46. Qxe2 Qg3 47. Kg1
Be3+ 48. Kh1 Rxh3+ 0-1

[Event "3. Campeonato de la Unión Europea"]
[Site "Arvier ITA"]
[Date "2007.06.24"]
[Round "10.28"]
[White "Majer, Chris E"]
[Black "Pepino, Enrico"]
[Result "0-1"]
[WhiteElo "2036"]
[BlackElo "2153"]
[PlyCount "80"]
[EventDate "2007.06.15"]
[EventType "swiss"]
[EventRounds "10"]
[EventCountry "ITA"]
[Source "lmi"]
[SourceDate "2007.06.15"]

1. e4 d6 2. d4 Nf6 3. Nc3 g6 4. f4 Bg7 5. a3 O-O 6. Nf3 Na6 7. Be3 Ng4 8. Bg1
c5 9. Bxa6 bxa6 10. h3 cxd4 11. Bxd4 Nf6 12. O-O Bb7 13. Qd3 Qc7 14. Rae1 e6
15. Nd2 Rad8 16. Rf2 e5 17. Be3 d5 18. fxe5 Nxe4 19. Ncxe4 dxe4 20. Qc4 Bxe5
21. Qxc7 Bxc7 22. Rfe2 Bg3 23. Rb1 f5 24. Bxa7 Rfe8 25. Nf1 Bc7 26. c4 f4 27.
Rc1 g5 28. Bf2 h5 29. c5 Bc6 30. b4 g4 31. hxg4 hxg4 32. Be1 g3 33. Ra2 Rd3 34.
Rb1 Be5 35. Nd2 f3 36. gxf3 exf3 37. Nb3 Rxb3 38. Rxb3 Bd4+ 39. Kf1 g2+ 40.
Rxg2+ fxg2# 0-1

[Event "3. Campeonato de la Unión Europea"]
[Site "Arvier ITA"]
[Date "2007.06.24"]
[Round "10.29"]
[White "Diotallevi, Maurizio"]
[Black "Foisor, Mihaela Veronica"]
[Result "0-1"]
[WhiteElo "2137"]
[BlackElo "1980"]
[PlyCount "84"]
[EventDate "2007.06.15"]
[EventType "swiss"]
[EventRounds "10"]
[EventCountry "ITA"]
[Source "lmi"]
[SourceDate "2007.06.15"]

1. e4 e6 2. d4 d5 3. Bd3 Nf6 4. e5 Nfd7 5. f4 c5 6. c3 b6 7. Nf3 Ba6 8. O-O
Bxd3 9. Qxd3 Nc6 10. Be3 c4 11. Qe2 b5 12. a3 a5 13. g4 h5 14. f5 Be7 15. fxe6
fxe6 16. Qg2 h4 17. g5 g6 18. Qg4 Nf8 19. Nxh4 Qd7 20. Rf7 Kxf7 21. Nd2 Ke8 22.
Rf1 Rh7 23. Ndf3 Kd8 24. Ng2 Kc7 25. Nf4 Nd8 26. Nh4 Rg7 27. Nf3 Nc6 28. Ra1
Bd8 29. h4 Ne7 30. Kg2 Nf5 31. Bf2 Be7 32. h5 gxh5 33. Nxh5 Rg8 34. Kf1 Ng6 35.
Ke2 b4 36. Nf6 Bxf6 37. exf6 bxc3 38. bxc3 Rab8 39. Ne5 Qb5 40. Rh1 Qb2+ 41.
Kf1 Qc1+ 42. Kg2 Nf4+ 0-1

[Event "3. Campeonato de la Unión Europea"]
[Site "Arvier ITA"]
[Date "2007.06.24"]
[Round "10.30"]
[White "Astengo, Corrado"]
[Black "Turturici, Pellegrino"]
[Result "1-0"]
[WhiteElo "2110"]
[BlackElo "2010"]
[PlyCount "51"]
[EventDate "2007.06.15"]
[EventType "swiss"]
[EventRounds "10"]
[EventCountry "ITA"]
[Source "lmi"]
[SourceDate "2007.06.15"]

1. e4 c5 2. Nf3 Nc6 3. d4 cxd4 4. Nxd4 Nf6 5. Nc3 d6 6. Bc4 e6 7. O-O Be7 8.
Be3 O-O 9. Bb3 a6 10. f4 Nxd4 11. Bxd4 b5 12. a3 Bb7 13. Qe2 Qc7 14. f5 e5 15.
Bf2 Rac8 16. Rad1 Rfd8 17. Kh1 Nd7 18. Bd5 Nb6 19. Bxb7 Qxb7 20. Bxb6 Qxb6 21.
Nd5 Qb7 22. Rd3 Bf8 23. Rh3 Rc4 24. c3 a5 25. Qg4 Kh8 26. Qh4 1-0

[Event "3. Campeonato de la Unión Europea"]
[Site "Arvier ITA"]
[Date "2007.06.24"]
[Round "10.31"]
[White "Chierici, Marianna"]
[Black "Brigati, Alessandro"]
[Result "0-1"]
[WhiteElo "1996"]
[BlackElo "2093"]
[PlyCount "48"]
[EventDate "2007.06.15"]
[EventType "swiss"]
[EventRounds "10"]
[EventCountry "ITA"]
[Source "lmi"]
[SourceDate "2007.06.15"]

1. e4 d6 2. d4 Nf6 3. Nc3 g6 4. f4 Bg7 5. Nf3 O-O 6. Bd3 b6 7. Be3 Bb7 8. Qe2
c5 9. e5 Ng4 10. Bg1 Nc6 11. h3 cxd4 12. hxg4 dxc3 13. e6 cxb2 14. exf7+ Rxf7
15. Rb1 Bc3+ 16. Kd1 e5 17. Ng5 Rxf4 18. Nxh7 Nd4 19. Qe3 Bxg2 20. Rh3 Rf3 21.
Qh6 Rxh3 22. Qxg6+ Kh8 23. Rxb2 Bf3+ 24. Kc1 Rh1 0-1

[Event "3. Campeonato de la Unión Europea"]
[Site "Arvier ITA"]
[Date "2007.06.24"]
[Round "10.32"]
[White "Pipitone, Antonio"]
[Black "Fraser-Mitchell, Jeremy N"]
[Result "1/2-1/2"]
[WhiteElo "1994"]
[BlackElo "2084"]
[PlyCount "58"]
[EventDate "2007.06.15"]
[EventType "swiss"]
[EventRounds "10"]
[EventCountry "ITA"]
[Source "lmi"]
[SourceDate "2007.06.15"]

1. e4 e6 2. d4 d5 3. Nc3 Bb4 4. e5 c5 5. a3 Bxc3+ 6. bxc3 Qc7 7. Qg4 f5 8. Qh5+
Qf7 9. Qd1 Ne7 10. Nf3 h6 11. h4 b6 12. a4 Nec6 13. Ba3 Nd7 14. Be2 g6 15. Qd2
c4 16. Qf4 Ba6 17. Kd2 O-O-O 18. Bd6 Rdg8 19. g4 Nd8 20. g5 h5 21. Rhb1 Nb8 22.
Ke1 Nbc6 23. Nd2 Nb7 24. Ba3 Qd7 25. Rb2 Kd8 26. Nb1 Ke8 27. Bb4 Nca5 28. Rba2
Kf7 29. Qc1 Ra8 1/2-1/2

[Event "3. Campeonato de la Unión Europea"]
[Site "Arvier ITA"]
[Date "2007.06.24"]
[Round "10.33"]
[White "Frontini, Fabio"]
[Black "Astengo, Marcello"]
[Result "1/2-1/2"]
[WhiteElo "1965"]
[BlackElo "2061"]
[PlyCount "128"]
[EventDate "2007.06.15"]
[EventType "swiss"]
[EventRounds "10"]
[EventCountry "ITA"]
[Source "lmi"]
[SourceDate "2007.06.15"]

1. e4 c6 2. Nc3 d5 3. Qf3 d4 4. Bc4 e6 5. Nce2 b5 6. Bb3 Bb7 7. d3 c5 8. Nh3
Nd7 9. Ng5 Ngf6 10. Qg3 Rc8 11. O-O Qb6 12. c3 Bd6 13. Bf4 Bxf4 14. Nxf4 c4 15.
dxc4 bxc4 16. Ba4 e5 17. Nd5 Bxd5 18. exd5 O-O 19. cxd4 exd4 20. Nxh7 Nxh7 21.
Bxd7 Rcd8 22. Bc6 Qxb2 23. Rab1 Qxa2 24. Qf4 Qa6 25. Ra1 Qb6 26. Rfb1 Qc5 27.
Rb5 Qd6 28. Qxd6 Rxd6 29. Rxa7 c3 30. Ra1 Rc8 31. Kf1 Nf6 32. Ke2 d3+ 33. Ke1
d2+ 34. Kd1 Ne4 35. Kc2 Nxf2 36. Rc5 d1=Q+ 37. Rxd1 Nxd1 38. Kxd1 Rh6 39. h3
Rg6 40. g4 Rd6 41. Rc4 Kh7 42. Kc2 Kg6 43. h4 Rh8 44. h5+ Kg5 45. Kxc3 Rhh6 46.
Kb4 Rhf6 47. Kc5 Rd8 48. Rd4 Rf4 49. Rd2 Rxg4 50. d6 Rg3 51. Kb6 Rb3+ 52. Kc7
Rbb8 53. Rd5+ Kh6 54. Bb7 Rf8 55. d7 Rbd8 56. Rf5 g6 57. hxg6 Kxg6 58. Rf3 f5
59. Kd6 Kf6 60. Be4 Kg5 61. Bd5 f4 62. Ke7 Kg4 63. Rb3 f3 64. Rxf3 Rxd7+
1/2-1/2

[Event "3. Campeonato de la Unión Europea"]
[Site "Arvier ITA"]
[Date "2007.06.24"]
[Round "10.34"]
[White "Dubois, Martine"]
[Black "Stojanovic, Vojislav"]
[Result "1-0"]
[WhiteElo "2092"]
[BlackElo "1911"]
[PlyCount "83"]
[EventDate "2007.06.15"]
[EventType "swiss"]
[EventRounds "10"]
[EventCountry "ITA"]
[Source "lmi"]
[SourceDate "2007.06.15"]

1. e4 e5 2. Nf3 Nf6 3. Nxe5 d6 4. Nf3 Nxe4 5. d4 Be7 6. Bd3 Nf6 7. h3 Nc6 8. c3
h6 9. Nbd2 d5 10. Ne5 Nxe5 11. dxe5 Nd7 12. e6 Ne5 13. exf7+ Nxf7 14. Qh5 Qd6
15. Nf3 Rf8 16. O-O Kd8 17. Re1 Bd7 18. Nh4 Bxh4 19. Qxh4+ g5 20. Qd4 Nh8 21.
Qg7 c6 22. Be3 Kc7 23. Bd4 Rf7 24. Qe5 Re8 25. Qxe8 Bxe8 26. Be5 Bd7 27. c4 Bf5
28. Bxd6+ Kxd6 29. Rad1 Bxd3 30. Rxd3 Ng6 31. cxd5 Nf4 32. Ra3 Nxd5 33. Rxa7
Nb4 34. Ra4 c5 35. a3 b5 36. Ra5 Nc2 37. Rd1+ Nd4 38. Rxb5 Kc6 39. Rb8 Ne2+ 40.
Kh2 Nd4 41. Rc8+ Kb6 42. b4 1-0

[Event "3. Campeonato de la Unión Europea"]
[Site "Arvier ITA"]
[Date "2007.06.24"]
[Round "10.35"]
[White "Bossoni, Mario"]
[Black "Maahs, Erich"]
[Result "1-0"]
[WhiteElo "1964"]
[BlackElo "2193"]
[PlyCount "103"]
[EventDate "2007.06.15"]
[EventType "swiss"]
[EventRounds "10"]
[EventCountry "ITA"]
[Source "lmi"]
[SourceDate "2007.06.15"]

1. e4 e5 2. Bc4 Nc6 3. c3 Bc5 4. Qe2 d6 5. d3 Nf6 6. h3 Be6 7. Nd2 O-O 8. Nf1
d5 9. Bb3 dxe4 10. dxe4 Bxb3 11. axb3 Qd6 12. Bg5 Rad8 13. Ng3 Ne7 14. Nf3 h6
15. Be3 Ng6 16. O-O a6 17. Nf5 Qc6 18. Bxc5 Qxc5 19. g3 Qc6 20. Rfe1 Rd7 21.
N5h4 Qe6 22. Nxg6 fxg6 23. Kg2 Rdf7 24. Rf1 g5 25. Nh2 Qxb3 26. Rad1 Qa4 27. f3
Qc6 28. Qe3 Rd7 29. Rxd7 Qxd7 30. Rf2 Rd8 31. Qc5 Qd6 32. Qc4+ Kh7 33. Nf1 b5
34. Qb3 Qc6 35. Ne3 Nxe4 36. Qc2 g6 37. fxe4 Kg7 38. Nd5 Qd7 39. Qe2 c6 40. Ne3
Rf8 41. Rxf8 Kxf8 42. Ng4 Qg7 43. Qf2+ Ke8 44. Qc5 Qd7 45. Nxe5 Qd2+ 46. Qf2
Qd6 47. Qd4 Qe6 48. Qc5 Qb3 49. Qxc6+ Ke7 50. Qd7+ Kf8 51. Nxg6+ Kg8 52. Qd5+
1-0

[Event "3. Campeonato de la Unión Europea"]
[Site "Arvier ITA"]
[Date "2007.06.24"]
[Round "10.36"]
[White "Battistella, Stefano"]
[Black "Testa, Adriano"]
[Result "1-0"]
[WhiteElo "2068"]
[BlackElo "1907"]
[PlyCount "87"]
[EventDate "2007.06.15"]
[EventType "swiss"]
[EventRounds "10"]
[EventCountry "ITA"]
[Source "lmi"]
[SourceDate "2007.06.15"]

1. c4 e6 2. Nf3 d5 3. g3 dxc4 4. Qa4+ Nd7 5. Qxc4 a6 6. Bg2 b5 7. Qc2 Bb7 8.
O-O Ngf6 9. b3 Bd6 10. Bb2 O-O 11. d3 Qe7 12. Nbd2 Rab8 13. Rac1 e5 14. Nh4
Bxg2 15. Nxg2 Rfe8 16. Ne3 Qe6 17. Qc6 Rb6 18. Qg2 Bc5 19. Nc2 Rbb8 20. Rfd1
Ng4 21. Ne4 Bb6 22. h3 Ngf6 23. Nb4 Nxe4 24. dxe4 Nc5 25. Rd5 f6 26. Rdxc5 Bxc5
27. Rxc5 Qd6 28. Nd3 Red8 29. Qf1 Rb6 30. Qc1 Rd7 31. Kg2 a5 32. Qc3 Qd4 33.
Qxd4 exd4 34. f4 a4 35. b4 Re6 36. Kf3 c6 37. a3 g6 38. g4 Rde7 39. e5 fxe5 40.
Rxe5 Rxe5 41. Nxe5 Re6 42. Ke4 Rd6 43. Bxd4 Kf8 44. Bc5 1-0

[Event "3. Campeonato de la Unión Europea"]
[Site "Arvier ITA"]
[Date "2007.06.24"]
[Round "10.37"]
[White "Garofalo, Sergio"]
[Black "Miatello, Alberto"]
[Result "0-1"]
[WhiteElo "1812"]
[BlackElo "2062"]
[PlyCount "82"]
[EventDate "2007.06.15"]
[EventType "swiss"]
[EventRounds "10"]
[EventCountry "ITA"]
[Source "lmi"]
[SourceDate "2007.06.15"]

1. d4 Nf6 2. Nf3 g6 3. g3 Bg7 4. Bg2 O-O 5. O-O d5 6. Re1 c5 7. dxc5 Nc6 8. c3
Ne4 9. Ng5 f5 10. h4 e6 11. Nxe4 fxe4 12. Nd2 e3 13. Nf3 exf2+ 14. Kxf2 Qe7 15.
e4 Qxc5+ 16. Be3 d4 17. cxd4 Bxd4 18. Rc1 Bxe3+ 19. Rxe3 Qb6 20. Qb3 Ne5 21.
Kg1 Nxf3+ 22. Bxf3 Qd6 23. e5 Qd4 24. Qc3 Qb6 25. Kg2 Bd7 26. Qd2 Rad8 27. Rd3
Bc6 28. Bxc6 Rxd3 29. Qxd3 Rf2+ 30. Kh3 bxc6 31. b3 Qb5 32. Qd6 Qd5 33. Qxc6
Qxe5 34. Rc5 Qe2 35. Qa8+ Kg7 36. Qh1 Qxa2 37. Rc7+ Kf6 38. Qd1 Rh2+ 39. Kg4
h5+ 40. Kf3 Qf2+ 41. Ke4 Qf5+ 0-1

[Event "3. Campeonato de la Unión Europea"]
[Site "Arvier ITA"]
[Date "2007.06.24"]
[Round "10.38"]
[White "Brunello, Roberta"]
[Black "Marozzi, Giovanni"]
[Result "0-1"]
[WhiteElo "1953"]
[BlackElo "2055"]
[PlyCount "38"]
[EventDate "2007.06.15"]
[EventType "swiss"]
[EventRounds "10"]
[EventCountry "ITA"]
[Source "lmi"]
[SourceDate "2007.06.15"]

1. e4 c6 2. d4 d5 3. e5 e6 4. Nf3 c5 5. c3 Qb6 6. Bd3 cxd4 7. cxd4 Bd7 8. Nc3
Bb4 9. Qd2 h6 10. Qf4 Ne7 11. Qg4 g6 12. Qh4 Bb5 13. Bxb5+ Qxb5 14. Qf6 Rh7 15.
Bd2 Bxc3 16. Bxc3 g5 17. Nd2 Nf5 18. a4 Qb6 19. a5 Qb5 0-1